Statistics for We Were Happy (TV) - Taylor Swift (All Lyrics)

Click here to take the quiz!

General Stats

  • This quiz has been taken 7 times
  • The average score is 188 of 248

Answer Stats

Lyrics% Correct
We
100%
we
100%
were
100%
a
86%
'bout
86%
buy
86%
daddy's
86%
farm
86%
go
86%
gonna
86%
happy
86%
I
86%
in
86%
me
86%
so
86%
someday
86%
talkin'
86%
the
86%
you
86%
You
86%
your
86%
all
71%
And
71%
anymore
71%
baby
71%
baby,
71%
Back
71%
back
71%
But
71%
could
71%
dark,
71%
do
71%
'em
71%
good
71%
good,
71%
had
71%
hate
71%
I'm
71%
it
71%
love
71%
marry
71%
No
71%
not
71%
Oh,
71%
On
71%
one
71%
recall
71%
showed
71%
Tellin'
71%
these
71%
those
71%
to
71%
touch
71%
used
71%
voices
71%
walk
71%
was
71%
way
71%
when
71%
When
71%
while
71%
along
57%
are
57%
arms
57%
around
57%
be
57%
Before
57%
boats
57%
'Cause
57%
choices
57%
deserved
57%
don't
57%
down
57%
feel
57%
for
57%
give
57%
goodbye's
57%
harder
57%
how
57%
Laughed
57%
much
57%
my
57%
now
57%
right
57%
somewhere
57%
sorta
57%
sun
57%
tears
57%
that's
57%
they
57%
up
57%
watch
57%
water
57%
what
57%
bright
43%
circus
43%
into
43%
lights
43%
neck
43%
night
43%
porch
43%
shinin'
43%
snuck
43%
streets
43%
threw
43%

Score Distribution

Percentile by Number Answered

Percent of People with Each Score

Your Score History

You have not taken this quiz